Revolut nastavuje ve Zlaté minci 2024 zrcadlo bankám na Slovensku

Vyhlásenie výsledkov súťaže finančných produktov Zlatá minca 2024. V troch kategóriách bánk a v kategórii robo-poradcov získala pódiové umiestnenie internetová banka Revolut. V kategóriách bankových účtov, študentských účtov a debetných kariet bola ocenená druhým miestom a v kategórii robo-poradcov...

Celý popis

Uložené v:
Podrobná bibliografia
Hlavný autor: Ščobák, Jiří
Médium: Kapitola
Jazyk:Czech
Predmet:
Tagy: Pridať tag
Žiadne tagy, Buďte prvý, kto otaguje tento záznam!

MARC

LEADER 00000naa a2200000 4500
001 0307106
005 20250218105749.4
041 0 |a cze 
044 |a CZ 
245 1 0 |a Revolut nastavuje ve Zlaté minci 2024 zrcadlo bankám na Slovensku  |c Jiří Ščobák 
520 |a Vyhlásenie výsledkov súťaže finančných produktov Zlatá minca 2024. V troch kategóriách bánk a v kategórii robo-poradcov získala pódiové umiestnenie internetová banka Revolut. V kategóriách bankových účtov, študentských účtov a debetných kariet bola ocenená druhým miestom a v kategórii robo-poradcov bola tretia. Naviac bola banka Revolut druhá v špeciálnej kategórii najinovatívnejšia banka. Nastavuje tak Revolut zrkadlo slovenským bankám? 
610 2 0 |a banky 
610 2 0 |a produkty bankové 
610 2 0 |a účty bankové 
610 2 0 |a karty platobné 
610 2 0 |a inovácie technologické 
610 2 0 |a technológie inteligentné 
610 2 0 |a súťaže 
100 1 |a Ščobák, Jiří